Ekonomika a zdravotnictví

Hlavní autor: Strnad, Ladislav, 1941-
Jazyk: Čeština
Vydáno: Praha, 1964
Knihy
Uloženo v:
LEADER 00487nam a22001692a 4500
001 000418829
003 CZ BrMZK
005 19990305143423.0
007 ta
008 990305s1964 xr f cze d
040 |a BOA001  |b cze 
100 1 |a Strnad, Ladislav,  |d 1941-  |7 ntka174072  |4 aut 
245 1 0 |a Ekonomika a zdravotnictví 
260 |a Praha,  |c 1964 
910 |a BOA001  |b 4-0526.843 
990 |a BK 
996 7 |b 2619793539  |c 4-0526.843  |l MZK  |r Sklad / do 1 hodiny  |n 12  |w 000418829  |u 000010  |a 1  |e BOA001  |j MZK50  |s A